| 000 | 00418nam a2200181Ia 4500 | ||
|---|---|---|---|
| 001 | 2810 | ||
| 005 | 20260306144834.0 | ||
| 008 | 260306t2009||||xx |||||||||||||| ||spa|| | ||
| 041 | _aESP | ||
| 082 |
_a230.1 _bZ949 |
||
| 100 |
_aZizioulas, Ioannis D. _eAUT |
||
| 245 | 0 | _aComunión y alteridad | |
| 260 | _c2009 | ||
| 300 |
_a398 páginas : _c21 cm. |
||
| 650 | _aGEN | ||
| 654 | _aCHU | ||
| 942 |
_cLIB _dJUS _fJUS _2ddc _n |
||
| 999 |
_c2810 _d2810 |
||